000 00306nam a2200121Ia 4500
008 191201s2004 xx 000 0 und d
100 _aBANSAL, Ram
245 0 _aInformation Systems Analysis and Design
260 _aN. Delhi
_bNew Age International
_c2004
300 _a374
650 _aMBA
942 _2ddc
_cBK
999 _c182
_d182